Statistics for Countries with TH

Click here to take the quiz!

General Stats

  • This quiz has been taken 47 times
    (21 since last reset)
  • The average score is 7 of 11

Answer Stats

Countries% Correct
Thailand
95%
South Africa
71%
South Korea
71%
North Korea
67%
North Macedonia
67%
South Sudan
67%
Ethiopia
62%
Netherlands
57%
Lesotho
52%
Lithuania
52%
St. Vincent and the Grenadines
29%

Score Distribution

Percentile by Number Answered

Percent of People with Each Score

Your Score History

You have not taken this quiz since the last reset